000 01043nam a2200241 a 4500
001 17068
003 BD-RjUL
005 20211209000102.0
008 140216s1905 enk 000 0 eng d
035 _aoxf98315150
035 _a(BD-RjUL)17125
040 _aVYS
_cVYS
_dm.c
_dOCL
_dEQO
_dBD-RjUL
_beng
041 _aeng
082 _221
_a016.091
_bBOS 1905
110 2 _aBodleian Library.
_952675
245 1 2 _aA summary catalogue of Western manuscripts in the Bodleian Library at Oxford which have not hitherto been catalogued in the quarto series :
_bwith references to the Oriental and other manuscripts /
_cBodleian Library, Oxford.; Falconer Madan
_nVOL. V :
_p(Collections received during the second half of the 19th century and miscellaneous MSS. acquired between 1695 and 1890) :
_nNos. 24331-31000
260 _aOxford :
_bClarendon Press,
_c1905.
300 _axxxii, 933p. ;
_c23cm.
650 0 _aManuscripts
_zGreat Britain
_vCatalogs.
_92899
700 1 _aMadan, Falconer,
_d1851-1935.
_92901
942 _2ddc
_cBK
999 _c17068
_d17068